00852nam a22002177a 4500999001900000005001700019010001500036020002600051035001400077037001300091082001000104100002800114245014500142260003800287270008000325300002600405700003000431700001900461942002400480952013000504 c173218d17321820200220130034.0 aENG-127910 c350.00a9789387593756 aEN-111442 bDBAD/PUB a005.1 aRao,Ramisetty Rajeswara aSoftware Engineering new Approach:cRamisetty Rajeswara Rao,V.S. Narayana Tinnaluri [and] Dabbu Muralibtraditional and agile Methodologies/ aHyderabadc2018bBSP Publications a4-4-309/316,Giriraj Lane,Sultan Bazare500095bHyderabadminfo@bspbooks.net axvii;275p.b24cm(pbk) a Tinnaluri, V.S. Narayana a Murali, Dabbu 2ddccENh005.1mRAO 001040708NFICaLbLd2020-02-20eDBAD/PUBg350.00l0o005.1 RAOpEN-111442r2020-02-20 00:00:00t1v350.00w2020-02-20yEN